000 00443nam a2200157Ia 4500
008 210716s2011 xx 000 0 und d
020 _a9781259005152
041 _aeng
082 _a374.22 YERL
100 _aYerkes, Leslie.
245 _aFun works: creating places where people love to work.
250 _a2
260 _aNew Delhi
_bTata McGraw Hill Education Private Limited
_c2011
300 _axii,235
650 _aGeneral Management
999 _c209392
_d209392